000 00438nab a2200145Ia 4500
003 ES-SlBCS
005 20210601150817.0
008 140529s1959 xxu||||| |||| 00| 0 spa d
041 _aspa
100 1 _aAguilar, R.
_9326921
245 0 0 _aLa santidad ¿tiene tope?. Grado que yo puedo alcanzar
_c R. Aguilar
650 0 4 _aSantidad
_990867
773 0 _tVida Sobrenatural, la
_gvol. 39, nº. 365, 1959, págs. 341-348
_wRev495
942 _cAR
999 _c747083
_d747083